Performans esaslı bütçeleme sistemi ve Türkiye uygulaması (Record no. 2358)

MARC details
000 -BAŞLIK
Sabit Uzunlukta Kontrol Alanı 00820na a2200265 4500
001 - KONTROL NUMARASI
Denetim Alanı 22115
003 - KONTROL NUMARASI IDENTIFIER
Denetim Alanı MIRAKIL
005 - SON İŞLEM TARİHİ VE ZAMANI
Denetim Alanı 20181213154854.0
008 - SABİT-BOY VERİ ELEMANLARI - GENEL BİLGİLER
Sabit Uzunlukta Kontrol Alanı 170210b tu 000 0
020 ## - ULUSLARARASI STANDART KİTAP NUMARASI
Uluslararası Standart Kitap Numarası 9789751948748
040 ## - KATALOGLAMA KAYNAK
Orijinal Kataloglama Ajansı Milas
Kataloglama Dili tur
Metne Dönüştürmek Ajansı TR-AnCHP
041 ## - DİL KODU
Metin / Ses Parça Veya Ayrı Başlığın Dil Kodu tur
082 ## - DEWEY ONLU SINIFLANDIRMA NUMARASI
Sınıflandırma Numarası 658.154
Ürün Numarası K26p 2010
090 ## - SINIFLAMA NUMARASI
Sınıflama Numarası 658.154 K26p 2010
100 ## - ANA GİRİŞ - KİŞİSEL İSİM
Kişisel Ad Karacan,Erhan
245 ## - BAŞLIK TABLOSU
Başlık Performans esaslı bütçeleme sistemi ve Türkiye uygulaması
Sorumluluk Tablosu, Vb Erhan Karacan
260 ## - YAYIN, DAĞITIM, VB
Yayın, Dağıtım, Vb Yeri Ankara
Yayıncı, Dağıtıcı, Vs Adı Devlet Planlama Teşkilatı
Yayın, Dağıtım, Vb Tarihi 2010
Üretici Firma Koza yayıncılık
300 ## - FİZİKSEL TANIM
Kapsam 207 s.
Diğer Fiziksel Ayrıntıları tbl. ; şkl.
Boyutlar 23 sm.
490 ## - SERİSİ TABLOSU
Seri Beyanı Devlet Planlama Teşkilatı
Hacim / Ardışık Tanımı 2816
502 ## - TEZLER NOT
Tez Notu DPT-Uzmanlık Tezleri
504 ## - KAYNAKÇA VB NOT
Kaynakça Vb Notu Kaynakça ve dizin var.
650 ## - KONU KATMA GİRİŞ - TOPİKAL DÖNEM
Topikal Süreli Veya Coğrafi Ad Giriş Elemanı Bütçeleme
Genel Alt Bölümü Performans
710 ## - KATMA GİRİŞ - KURUMSAL ADI
Giriş Elemanı Olarak Kurumsal Ad Veya Yargı Alanı Adı Devlet Planlama Teşkilatı (DPT)
942 ## - EKLENDİ GİRİŞ ELEMANLARI (KOHA)
Sınıflandırma Veya Raf Düzeni Kaynak Dewey Decimal Classification
Koha Öğesi Türü Books
999 ## - SİSTEM KONTROL NUMARALARI (KOHA)
Koha Biblionumber 2358
Koha Biblioitemnumber 2358
Holdings
Kalıcı Konum Mevcut Konum Edinme Tarihi Edinim Kaynak Toplam Check-Out'Lar Tam Çağrı Numarası Barkod Tarih Son Görülme İtibaren Geçerli Fiyatlar Koha Öğesi Türü
CHP Kütüphanesi CHP Kütüphanesi 02/10/2017 Bağış   658.154 K26p 2010 012384 02/10/2017 02/10/2017 Books